| 000 | 00422nam a2200157Ia 4500 | ||
|---|---|---|---|
| 008 | 230917s9999||||xx |||||||||||||| ||und|| | ||
| 040 |
_e12733 _aMAIN |
||
| 041 | _aEnglish | ||
| 082 | _a330.9 H911P | ||
| 100 | _aHunt, E K | ||
| 245 | 0 | _aProperty and prophets: the evolution of economic institutions and ideologies | |
| 250 | _a2nd ed. | ||
| 260 |
_aNew York _bHarper & Row _c1978 |
||
| 300 | _axiv,167 p. | ||
| 942 | _cBK | ||
| 999 |
_c57669 _d57669 |
||